[Event "Chess.com Rapid Wk1 Swiss"]
[Site "Chess.com INT"]
[Date "2022.02.12"]
[Round "6"]
[White "Hansen, Eric"]
[Black "Swiercz, Dariusz"]
[Result "0-1"]
[WhiteElo "2606"]
[BlackElo "2656"]
[PlyCount "118"]
[GameId "1748158967087104"]
[EventDate "2022.02.12"]
[EventType "swiss (rapid)"]
[EventRounds "9"]
[EventCountry "USA"]
[SourceTitle "CBM 206 Extra"]
[Source "ChessBase"]
[SourceDate "2022.03.31"]
[SourceVersion "1"]
[SourceVersionDate "2022.03.31"]
[SourceQuality "1"]

1. e4 c5 2. Nf3 Nc6 3. Bb5 g6 4. Bxc6 dxc6 5. O-O Bg7 6. d3 Nf6 7. h3 b6 8. Nc3 Nd7 9. Be3 e5 10. Qd2 h6 11. Nh2 Nf6 12. b3 Be6 13. Ne2 Nh5 14. Rad1 g5 15. c3 Qc7 16. d4 Rd8 17. Qc2 c4 18. Nf3 Nf4 19. Ng3 exd4 20. cxd4 b5 21. bxc4 Bxc4 22. Bxf4 gxf4 23. Nh5 O-O 24. Rfe1 c5 25. Nxg7 Kxg7 26. d5 Rfe8 27. Qc3+ f6 28. a4 a6 29. axb5 axb5 30. Nh4 Qe5 31. Nf5+ Kh7 32. Qa3 Rd7 33. Qxc5 Rg8 34. f3 Qe8 35. Rd2 Qh5 36. Kh2 Qg5 37. Qf2 Rgd8 38. Red1 Bb3 39. h4 Qg6 40. Ra1 Bxd5 41. Ra7 Be6 42. Rdxd7+ Rxd7 43. Rxd7+ Bxd7 44. Qa7 Qf7 45. Qc7 b4 46. Qxf4 Bxf5 47. Qxf5+ Kg7 48. Qb5 Qe7 49. g3 Qd6 50. h5 Kf8 51. Kh3 Ke7 52. g4 Qd4 53. Qb7+ Kd6 54. Qb8+ Kc6 55. Qc8+ Kb5 56. Qe8+ Kc4 57. Qc6+ Kd3 58. Qb5+ Kd2 59. Qb8 Qc3 0-1

[Event "Chess.com Rapid Wk1 Swiss"]
[Site "Chess.com INT"]
[Date "2022.02.12"]
[Round "7"]
[White "Tomashevsky, Evgeny"]
[Black "Hansen, Eric"]
[Result "1/2-1/2"]
[WhiteElo "2708"]
[BlackElo "2606"]
[PlyCount "65"]
[GameId "1748158967115776"]
[EventDate "2022.02.12"]
[EventType "swiss (rapid)"]
[EventRounds "9"]
[EventCountry "USA"]
[SourceTitle "CBM 206 Extra"]
[Source "ChessBase"]
[SourceDate "2022.03.31"]
[SourceVersion "1"]
[SourceVersionDate "2022.03.31"]
[SourceQuality "1"]

1. e4 e5 2. Nf3 Nc6 3. Bb5 a6 4. Ba4 Nf6 5. O-O Be7 6. d3 b5 7. Bb3 d6 8. a4 Bg4 9. Be3 O-O 10. h3 Bd7 11. Nc3 Na5 12. Ba2 b4 13. Nd5 Nxd5 14. Bxd5 c6 15. Ba2 Rb8 16. Nd2 Be6 17. Bxe6 fxe6 18. Qg4 Qd7 19. f4 exf4 20. Bxf4 Rf6 21. e5 Rg6 22. Qe2 d5 23. Kh1 c5 24. Bh2 Nc6 25. c3 bxc3 26. bxc3 Rb2 27. Rab1 Ra2 28. Ra1 Rb2 29. Rfb1 Rc2 30. Rc1 Rb2 31. Rcb1 Rc2 32. Rc1 Rb2 33. Rcb1 1/2-1/2

[Event "Chess.com Rapid Wk1 Swiss"]
[Site "Chess.com INT"]
[Date "2022.02.12"]
[Round "8"]
[White "Oparin, Grigoriy"]
[Black "Hansen, Eric"]
[Result "0-1"]
[WhiteElo "2681"]
[BlackElo "2606"]
[PlyCount "52"]
[GameId "1748158967205888"]
[EventDate "2022.02.12"]
[EventType "swiss (rapid)"]
[EventRounds "9"]
[EventCountry "USA"]
[SourceTitle "CBM 206 Extra"]
[Source "ChessBase"]
[SourceDate "2022.03.31"]
[SourceVersion "1"]
[SourceVersionDate "2022.03.31"]
[SourceQuality "1"]

1. Nf3 Nf6 2. g3 d5 3. c4 d4 4. Bg2 Nc6 5. O-O a5 6. d3 e5 7. Na3 h6 8. e3 Bxa3 9. bxa3 dxe3 10. Bxe3 O-O 11. Rb1 Bf5 12. Rxb7 Bxd3 13. Re1 e4 14. Nd2 Re8 15. Qb3 Nd4 16. Qb2 Nc2 17. Rd1 Nxe3 18. fxe3 Ng4 19. Nf1 Qe7 20. Qc3 Red8 21. Re1 Ra6 22. Nd2 Rf6 23. Rb5 Rf2 24. h3 Qd6 25. Qd4 Qxg3 26. Qxd8+ Kh7 0-1

[Event "Chess.com Rapid Wk1 Swiss"]
[Site "Chess.com INT"]
[Date "2022.02.12"]
[Round "9"]
[White "Hansen, Eric"]
[Black "Rakhmanov, Alexander"]
[Result "0-1"]
[WhiteElo "2606"]
[BlackElo "2640"]
[PlyCount "112"]
[GameId "1748158967316480"]
[EventDate "2022.02.12"]
[EventType "swiss (rapid)"]
[EventRounds "9"]
[EventCountry "USA"]
[SourceTitle "CBM 206 Extra"]
[Source "ChessBase"]
[SourceDate "2022.03.31"]
[SourceVersion "1"]
[SourceVersionDate "2022.03.31"]
[SourceQuality "1"]

1. e4 c5 2. Nf3 Nf6 3. e5 Nd5 4. Nc3 Nxc3 5. dxc3 Nc6 6. Bf4 Qb6 7. Rb1 Qc7 8. Bc4 e6 9. O-O h6 10. Re1 b6 11. Qd3 Bb7 12. Rbd1 O-O-O 13. Ba6 Be7 14. h3 g5 15. Bg3 h5 16. Bxb7+ Qxb7 17. Qe4 Rdg8 18. Nd2 Nb8 19. c4 Qxe4 20. Nxe4 h4 21. Bh2 g4 22. hxg4 Rxg4 23. f3 Rgg8 24. c3 Rh5 25. Nf2 Rf5 26. Rd3 Nc6 27. Ng4 Bg5 28. Red1 Rd8 29. Kf2 Ne7 30. b4 Nc6 31. a3 Bf4 32. Rh1 Bxh2 33. Rxh2 Rf4 34. Re3 Rxc4 35. Rxh4 Ne7 36. Rh7 Nd5 37. Rd3 Nf4 38. Rd2 Rxc3 39. Rxf7 Nd3+ 40. Kg3 c4 41. b5 Rxa3 42. Rc2 c3 43. f4 Nb4 44. Rc1 c2+ 45. Kh4 Rb3 46. f5 exf5 47. Rxf5 Rh8+ 48. Kg5 Rg8+ 49. Kh4 Rh8+ 50. Kg5 Rg3 51. Rf4 Rg8+ 52. Kh5 Rb3 53. Rc4+ Kd8 54. Kh4 Ke7 55. Nf6 Rxg2 56. Rxb4 Rxb4+ 0-1

[Event "Titled Tuesday intern op 15th Feb Early"]
[Site "Chess.com INT"]
[Date "2022.02.15"]
[Round "11"]
[White "Hansen, Eric"]
[Black "Terry, Renato"]
[Result "1-0"]
[WhiteElo "2606"]
[BlackElo "2504"]
[PlyCount "53"]
[GameId "1750686274592768"]
[EventDate "2022.02.15"]
[EventType "swiss (blitz)"]
[EventRounds "11"]
[EventCountry "USA"]
[SourceTitle "CBM 206 Extra"]
[Source "ChessBase"]
[SourceDate "2022.03.31"]
[SourceVersion "1"]
[SourceVersionDate "2022.03.31"]
[SourceQuality "1"]

1. e4 e6 2. d4 d5 3. Nc3 Nf6 4. Bg5 Bb4 5. e5 h6 6. Bc1 Ne4 7. Nge2 c5 8. a3 cxd4 9. axb4 dxc3 10. bxc3 Qc7 11. Qd3 Qxe5 12. f3 Nf6 13. Bf4 Qh5 14. g4 Qg6 15. Qxg6 fxg6 16. h4 Nbd7 17. Be3 a6 18. Nf4 Kf7 19. Bd3 Ne5 20. Kf2 Bd7 21. Bd4 Nxd3+ 22. Nxd3 g5 23. Ne5+ Kg8 24. Ng6 Rh7 25. hxg5 hxg5 26. Rxh7 Kxh7 27. Ne7 1-0

[Event "Chess.com Rapid Wk8 Swiss"]
[Site "Chess.com INT"]
[Date "2022.04.02"]
[Round "1"]
[White "Saric, Ivan"]
[Black "Hansen, Eric"]
[Result "0-1"]
[WhiteElo "2695"]
[BlackElo "2606"]
[PlyCount "100"]
[GameId "1765880959094784"]
[EventDate "2022.04.02"]
[EventType "swiss (rapid)"]
[EventRounds "9"]
[EventCountry "USA"]
[SourceTitle "CBM 207 Extra"]
[Source "ChessBase"]
[SourceDate "2022.05.31"]
[SourceVersion "1"]
[SourceVersionDate "2022.05.31"]
[SourceQuality "1"]

1. b3 e5 2. Bb2 Nc6 3. c4 Nf6 4. e3 d5 5. cxd5 Nxd5 6. a3 Bd6 7. Qc2 O-O 8. Nf3 Re8 9. Bd3 h6 10. Nc3 Nxc3 11. Bxc3 Qe7 12. Be4 Nd4 13. Nxd4 exd4 14. Bh7+ Kh8 15. Bxd4 Be5 16. Bxe5 Qxe5 17. d4 Qa5+ 18. b4 Qd5 19. O-O g6 20. Bxg6 fxg6 21. Qxg6 Qe6 22. Qxe6 Bxe6 23. Rac1 c6 24. f3 a5 25. Rc5 axb4 26. axb4 Ra4 27. Rb1 Ba2 28. Ra1 Rxe3 29. b5 Bb3 30. Rb1 Bd5 31. bxc6 bxc6 32. Rc2 Kg7 33. Rd2 Rc3 34. Kf2 Rcc4 35. Rbd1 Kf6 36. Ke3 Ra3+ 37. Rd3 Rxd3+ 38. Rxd3 Rc2 39. Rd2 Rc3+ 40. Kf4 h5 41. h4 Rb3 42. Rd1 Rb2 43. Kg3 Kf5 44. Re1 Rd2 45. Re5+ Kg6 46. Rg5+ Kh6 47. Re5 Rxd4 48. Re8 Kg6 49. Rc8 Rc4 50. Kh3 Be6+ 0-1

[Event "Chess.com Rapid Wk8 Swiss"]
[Site "Chess.com INT"]
[Date "2022.04.02"]
[Round "2"]
[White "Movsesian, Sergei"]
[Black "Hansen, Eric"]
[Result "1-0"]
[WhiteElo "2599"]
[BlackElo "2606"]
[PlyCount "91"]
[GameId "1765880959164416"]
[EventDate "2022.04.02"]
[EventType "swiss (rapid)"]
[EventRounds "9"]
[EventCountry "USA"]
[SourceTitle "CBM 207 Extra"]
[Source "ChessBase"]
[SourceDate "2022.05.31"]
[SourceVersion "1"]
[SourceVersionDate "2022.05.31"]
[SourceQuality "1"]

1. e4 c5 2. Nf3 e6 3. Nc3 a6 4. d4 cxd4 5. Nxd4 Qc7 6. Bd3 Nf6 7. O-O Bc5 8. Be3 d6 9. Qe2 O-O 10. Rad1 b5 11. a3 Bb7 12. f4 Qb6 13. e5 dxe5 14. fxe5 Nfd7 15. Kh1 Qc7 16. Ne4 Qxe5 17. Nf3 Qh5 18. g4 Qxg4 19. Bxc5 f5 20. Rg1 Qf4 21. Bxf8 fxe4 22. Bxg7 Qxf3+ 23. Qxf3 exf3 24. Bd4+ Kf8 25. Bf2 Nf6 26. Rg5 Nbd7 27. Kg1 Rc8 28. Be3 Bd5 29. Kf2 Be4 30. Rgg1 Bd5 31. Bd4 e5 32. Be3 e4 33. Bf1 Rxc2+ 34. Rd2 Rc6 35. Bh3 Be6 36. Bxe6 Rxe6 37. Bd4 Kf7 38. Bc3 Nc5 39. Ke3 Nd3 40. Rg5 Ke8 41. h3 h6 42. Rf5 Nd7 43. Bd4 Ke7 44. b4 Ke8 45. Rc2 f2 46. Ke2 1-0

[Event "Chess.com Rapid Wk8 Swiss"]
[Site "Chess.com INT"]
[Date "2022.04.02"]
[Round "3"]
[White "Hansen, Eric"]
[Black "Paravyan, David"]
[Result "0-1"]
[WhiteElo "2606"]
[BlackElo "2617"]
[PlyCount "116"]
[GameId "1765880959242240"]
[EventDate "2022.04.02"]
[EventType "swiss (rapid)"]
[EventRounds "9"]
[EventCountry "USA"]
[SourceTitle "CBM 207 Extra"]
[Source "ChessBase"]
[SourceDate "2022.05.31"]
[SourceVersion "1"]
[SourceVersionDate "2022.05.31"]
[SourceQuality "1"]

1. e4 e5 2. Nf3 Nf6 3. Nxe5 d6 4. Nf3 Nxe4 5. Nc3 Nxc3 6. dxc3 Be7 7. Be3 O-O 8. Qd2 Nd7 9. O-O-O Nf6 10. Kb1 Re8 11. h3 Bd7 12. Bd3 c5 13. c4 Bc6 14. Rhe1 Ne4 15. Bxe4 Bxe4 16. Bf4 Bf8 17. Ng5 Bc6 18. Qd3 g6 19. f3 Rxe1 20. Rxe1 d5 21. Rd1 Qf6 22. Bc1 dxc4 23. Qxc4 Re8 24. a4 h6 25. Ne4 Qe6 26. Qxe6 Rxe6 27. Rd8 g5 28. Nxc5 Rd6 29. Rb8 Rd1 30. b4 Kg7 31. Nd3 Bd6 32. Rd8 Bxb4 33. Ka2 Bc3 34. Kb3 Bf6 35. Ra8 Rg1 36. Rxa7 Rxg2 37. f4 Rg3 38. fxg5 hxg5 39. a5 Rxh3 40. a6 bxa6 41. Rxa6 Bd5+ 42. Kb4 Rf3 43. Ra5 Rf5 44. Be3 Kg6 45. c4 Be4 46. Nc5 Bf3 47. Nd7 Bc3+ 48. Kxc3 Rxa5 49. Kd4 f6 50. Nc5 Bc6 51. Bd2 Ra1 52. Bc3 Rd1+ 53. Ke3 f5 54. Nd3 Be4 55. Nf2 Rc1 56. Nxe4 fxe4 57. Kd2 Rh1 58. Ke3 Kf5 0-1

[Event "Chess.com Rapid Wk8 Swiss"]
[Site "Chess.com INT"]
[Date "2022.04.02"]
[Round "4"]
[White "Aronian, Levon"]
[Black "Hansen, Eric"]
[Result "0-1"]
[WhiteElo "2785"]
[BlackElo "2606"]
[PlyCount "66"]
[GameId "1765880959266816"]
[EventDate "2022.04.02"]
[EventType "swiss (rapid)"]
[EventRounds "9"]
[EventCountry "USA"]
[SourceTitle "CBM 207 Extra"]
[Source "ChessBase"]
[SourceDate "2022.05.31"]
[SourceVersion "1"]
[SourceVersionDate "2022.05.31"]
[SourceQuality "1"]

1. e4 e5 2. Nf3 Nc6 3. Bc4 Bc5 4. c3 Nf6 5. d4 exd4 6. e5 d5 7. Be2 Ne4 8. cxd4 Bb6 9. Nc3 O-O 10. O-O Bf5 11. Na4 f6 12. a3 fxe5 13. Nxb6 axb6 14. Nxe5 Nxe5 15. dxe5 d4 16. Bc4+ Kh8 17. g4 b5 18. Bd3 Bg6 19. f4 Nc5 20. f5 Be8 21. Be2 d3 22. Bf3 Qd4+ 23. Kh1 Qxe5 24. Bd2 Bc6 25. Bc3 Qe3 26. Bxc6 bxc6 27. Qf3 Qxf3+ 28. Rxf3 Rfd8 29. Re3 Na4 30. Be5 Re8 31. f6 Kg8 32. fxg7 Nxb2 33. Rf1 Nc4 0-1

[Event "Chess.com Rapid Wk8 Swiss"]
[Site "Chess.com INT"]
[Date "2022.04.02"]
[Round "7"]
[White "Lupulescu, Constantin"]
[Black "Hansen, Eric"]
[Result "0-1"]
[WhiteElo "2623"]
[BlackElo "2606"]
[PlyCount "68"]
[GameId "1765880959475712"]
[EventDate "2022.04.02"]
[EventType "swiss (rapid)"]
[EventRounds "9"]
[EventCountry "USA"]
[SourceTitle "CBM 207 Extra"]
[Source "ChessBase"]
[SourceDate "2022.05.31"]
[SourceVersion "1"]
[SourceVersionDate "2022.05.31"]
[SourceQuality "1"]

1. d4 Nf6 2. c4 e6 3. Nc3 Bb4 4. Qc2 O-O 5. a3 Bxc3+ 6. Qxc3 b6 7. Nf3 Bb7 8. e3 Ne4 9. Qc2 f5 10. b3 d6 11. Bb2 Nd7 12. Be2 Qe7 13. O-O Rf6 14. d5 e5 15. Nd2 Nxd2 16. Qxd2 Raf8 17. f4 Nc5 18. Qc2 exf4 19. Bxf6 Qxe3+ 20. Kh1 Rxf6 21. Rf3 Qe5 22. Raf1 g5 23. g3 fxg3 24. Rxf5 Rxf5 25. Rxf5 Qe7 26. hxg3 Bc8 27. Rf1 Bh3 28. Rd1 Qe3 29. Rg1 Ne4 30. Kh2 g4 31. Qd3 Qf2+ 32. Kh1 Ng5 33. Bd1 Nf3 34. Bxf3 Qxf3+ 0-1

[Event "Chess.com Rapid Wk8 Swiss"]
[Site "Chess.com INT"]
[Date "2022.04.02"]
[Round "8"]
[White "Hansen, Eric"]
[Black "Grischuk, Alexander"]
[Result "0-1"]
[WhiteElo "2606"]
[BlackElo "2742"]
[PlyCount "108"]
[GameId "1765880959537152"]
[EventDate "2022.04.02"]
[EventType "swiss (rapid)"]
[EventRounds "9"]
[EventCountry "USA"]
[SourceTitle "CBM 207 Extra"]
[Source "ChessBase"]
[SourceDate "2022.05.31"]
[SourceVersion "1"]
[SourceVersionDate "2022.05.31"]
[SourceQuality "1"]

1. e4 e6 2. d4 d5 3. Nc3 Nf6 4. e5 Nfd7 5. f4 c5 6. Nf3 Nc6 7. Be3 cxd4 8. Nxd4 Qb6 9. Qd2 Qxb2 10. Rb1 Qa3 11. Bb5 Nxd4 12. Bxd4 a6 13. Bxd7+ Bxd7 14. Rxb7 Bb4 15. O-O Bc8 16. Rb6 O-O 17. Rb1 Bc5 18. R6b3 Qa5 19. Qf2 Bxd4 20. Qxd4 Bd7 21. Rb7 Bc6 22. Qb4 Qd8 23. Rb6 Bb5 24. Rd6 Qc7 25. a4 Qa7+ 26. Kh1 Bc4 27. Qb6 g6 28. h3 Rfc8 29. Nd1 Qxb6 30. Rdxb6 Be2 31. Ne3 d4 32. Re1 dxe3 33. Rxe2 Rc4 34. g3 Rxa4 35. Rxe3 Rc8 36. Re2 Rc3 37. Rb3 Rac4 38. Rxc3 Rxc3 39. Kg2 a5 40. h4 a4 41. Re4 Rxc2+ 42. Kh3 Ra2 43. Rb4 h5 44. Rb8+ Kg7 45. Ra8 a3 46. Ra7 Kf8 47. Ra8+ Ke7 48. Ra7+ Ke8 49. Ra8+ Kd7 50. Ra7+ Kc6 51. Rxf7 Rb2 52. Ra7 a2 53. Ra6+ Kb5 54. Ra8 Kb4 0-1

[Event "Chess.com Rapid Wk8 Swiss"]
[Site "Chess.com INT"]
[Date "2022.04.02"]
[Round "9"]
[White "Hansen, Eric"]
[Black "Mekhitarian, Krikor Sevag"]
[Result "1-0"]
[WhiteElo "2606"]
[BlackElo "2569"]
[PlyCount "117"]
[GameId "1765880959602688"]
[EventDate "2022.04.02"]
[EventType "swiss (rapid)"]
[EventRounds "9"]
[EventCountry "USA"]
[SourceTitle "CBM 207 Extra"]
[Source "ChessBase"]
[SourceDate "2022.05.31"]
[SourceVersion "1"]
[SourceVersionDate "2022.05.31"]
[SourceQuality "1"]

1. e4 c5 2. Nf3 g6 3. c4 Nc6 4. d4 cxd4 5. Nxd4 Nf6 6. Nc3 d6 7. Be2 Nxd4 8. Qxd4 Bg7 9. Bg5 O-O 10. O-O Be6 11. Qe3 Qb6 12. Qxb6 axb6 13. Rac1 b5 14. cxb5 Bxa2 15. e5 dxe5 16. Bf3 e4 17. Nxe4 Nd5 18. Nc5 b6 19. Nd7 Rfe8 20. Bxd5 Bxd5 21. Nxb6 Rad8 22. Bf4 Bd4 23. Na4 e5 24. Be3 Rb8 25. Nc3 Bc4 26. Rfd1 Bxe3 27. fxe3 Bxb5 28. Ne4 Kg7 29. Rc7 Ba4 30. Rf1 Bb3 31. Nd6 Rf8 32. h4 Be6 33. Rf2 h6 34. Ne4 Rfc8 35. Rxc8 Rxc8 36. Nc3 Rb8 37. Rd2 f5 38. g3 Kf7 39. e4 Ke7 40. Kf2 Rb4 41. Ke3 fxe4 42. Nxe4 Rb3+ 43. Nc3 Rb4 44. Re2 Kd6 45. Rd2+ Ke7 46. Kf2 g5 47. hxg5 hxg5 48. Re2 Kf6 49. Ne4+ Kg6 50. Nc5 Bc4 51. Rd2 Kf5 52. Ke3 Bf7 53. Rf2+ Kg6 54. Nd7 Rb5 55. g4 Kg7 56. Ke4 Bg6+ 57. Kf3 Rb3+ 58. Kg2 Be4+ 59. Kh2 1-0

[Event "Titled Tuesday intern op 05th Apr Early"]
[Site "Chess.com INT"]
[Date "2022.04.05"]
[Round "4"]
[White "Shipov, Sergei"]
[Black "Hansen, Eric"]
[Result "1-0"]
[WhiteElo "2541"]
[BlackElo "2606"]
[PlyCount "99"]
[GameId "1768405743325184"]
[EventDate "2022.04.05"]
[EventType "swiss (blitz)"]
[EventRounds "11"]
[EventCountry "USA"]
[SourceTitle "CBM 207 Extra"]
[Source "ChessBase"]
[SourceDate "2022.05.31"]
[SourceVersion "1"]
[SourceVersionDate "2022.05.31"]
[SourceQuality "1"]

1. d4 Nf6 2. c4 e6 3. Nc3 Bb4 4. Qc2 O-O 5. a3 Bxc3+ 6. Qxc3 d6 7. f3 c5 8. dxc5 dxc5 9. Bf4 Nc6 10. Rd1 Qb6 11. e3 Re8 12. Bd3 h6 13. Bb1 e5 14. Bg3 Qa5 15. Ne2 Be6 16. Bxe5 Bxc4 17. Bxf6 gxf6 18. Qxa5 Nxa5 19. Kf2 Bxe2 20. Kxe2 Nc4 21. Ba2 Nxe3 22. Rd7 c4 23. Kf2 b5 24. Re1 Nf5 25. Rxe8+ Rxe8 26. Bb1 Ne3 27. Be4 f5 28. Bc6 Re5 29. g3 a6 30. h3 Rc5 31. Bb7 c3 32. bxc3 Rxc3 33. Bxa6 f4 34. gxf4 Rxa3 35. Bxb5 Rb3 36. Be2 Rc3 37. Bd3 Nc4 38. Be4 Nb6 39. Rb7 Nc8 40. Bd5 Nd6 41. Rd7 Rc2+ 42. Ke1 Nb5 43. Bxf7+ Kf8 44. Bg6 Rb2 45. Rb7 Rb4 46. Kf2 Rb2+ 47. Kg3 Rb3 48. Bc2 Rc3 49. Be4 Nd4 50. Rh7 1-0

[Event "Titled Tuesday intern op 05th Apr Early"]
[Site "Chess.com INT"]
[Date "2022.04.05"]
[Round "10"]
[White "Goryachkina, Aleksandra"]
[Black "Hansen, Eric"]
[Result "1/2-1/2"]
[WhiteElo "2610"]
[BlackElo "2606"]
[PlyCount "118"]
[GameId "1768405746696192"]
[EventDate "2022.04.05"]
[EventType "swiss (blitz)"]
[EventRounds "11"]
[EventCountry "USA"]
[SourceTitle "CBM 207 Extra"]
[Source "ChessBase"]
[SourceDate "2022.05.31"]
[SourceVersion "1"]
[SourceVersionDate "2022.05.31"]
[SourceQuality "1"]

1. e4 c5 2. Nf3 e6 3. c3 Nf6 4. e5 Nd5 5. Bc4 Nc6 6. d4 cxd4 7. cxd4 d6 8. O-O Be7 9. Bd2 O-O 10. Nc3 dxe5 11. dxe5 b6 12. Qe2 Bb7 13. Rfd1 Nxc3 14. Bxc3 Qc7 15. Rac1 Rfd8 16. Bd3 Rd5 17. h4 Rad8 18. h5 Qd7 19. Bc2 g6 20. a3 a5 21. Rxd5 Qxd5 22. Be4 Qd7 23. Qe3 b5 24. hxg6 hxg6 25. Qh6 Bf8 26. Qh4 Bg7 27. Ng5 Ra8 28. Bxg6 fxg6 29. Qh7+ Kf8 30. Qxg6 Kg8 31. Nxe6 Qf7 32. Qxg7+ Qxg7 33. Nxg7 Kxg7 34. f4 Bc8 35. e6+ Kg6 36. g4 Bxe6 37. f5+ Bxf5 38. gxf5+ Kxf5 39. Kf2 Ra6 40. Ke3 Ke6 41. Ke4 Rb6 42. Bd4 Ra6 43. Rc5 b4 44. a4 Kd6 45. Rb5 Ke6 46. b3 Kd7 47. Kd5 Ne7+ 48. Ke4 Nc6 49. Bc5 Ra8 50. Kd5 Rc8 51. Rb7+ Rc7 52. Rxc7+ Kxc7 53. Kc4 Ne5+ 54. Kb5 Nd3 55. Bd4 Nc1 56. Kxa5 Nxb3+ 57. Kxb4 Nxd4 58. a5 Nc6+ 59. Kb5 Nxa5 1/2-1/2

[Event "Titled Tuesday intern op 05th Apr Early"]
[Site "Chess.com INT"]
[Date "2022.04.05"]
[Round "11"]
[White "Hansen, Eric"]
[Black "Weetik, Vjacheslav"]
[Result "1-0"]
[WhiteElo "2606"]
[BlackElo "2423"]
[PlyCount "63"]
[GameId "1768405746970624"]
[EventDate "2022.04.05"]
[EventType "swiss (blitz)"]
[EventRounds "11"]
[EventCountry "USA"]
[SourceTitle "CBM 207 Extra"]
[Source "ChessBase"]
[SourceDate "2022.05.31"]
[SourceVersion "1"]
[SourceVersionDate "2022.05.31"]
[SourceQuality "1"]

1. e4 c6 2. d4 d5 3. e5 Bf5 4. Nf3 e6 5. Be2 Nd7 6. O-O Bg6 7. c3 Nh6 8. Nbd2 Nf5 9. Nb3 Be7 10. g4 Nh6 11. h3 O-O 12. Ne1 f6 13. exf6 Bxf6 14. f4 Qc7 15. Be3 Nf7 16. f5 Qg3+ 17. Ng2 exf5 18. Bf4 Qxh3 19. Rf3 fxg4 20. Rxh3 gxh3 21. Bg4 hxg2 22. Bxd7 Ng5 23. Qg4 h5 24. Qg3 h4 25. Qg4 Be4 26. Bxg5 Bxg5 27. Be6+ Kh7 28. Qxg5 Rf6 29. Nc5 Rh6 30. Nxe4 dxe4 31. Bh3 Rf8 32. Re1 1-0

[Event "Chess.com Rapid Wk9 Swiss"]
[Site "Chess.com INT"]
[Date "2022.04.09"]
[Round "2"]
[White "Hansen, Eric"]
[Black "Matlakov, Maxim"]
[Result "1/2-1/2"]
[WhiteElo "2606"]
[BlackElo "2674"]
[PlyCount "89"]
[GameId "1768405752111104"]
[EventDate "2022.04.09"]
[EventType "swiss (rapid)"]
[EventRounds "9"]
[EventCountry "USA"]
[SourceTitle "CBM 207 Extra"]
[Source "ChessBase"]
[SourceDate "2022.05.31"]
[SourceVersion "1"]
[SourceVersionDate "2022.05.31"]
[SourceQuality "1"]

1. e4 e5 2. Nf3 Nf6 3. Nxe5 d6 4. Nf3 Nxe4 5. d4 d5 6. Bd3 Bf5 7. O-O Be7 8. Nc3 O-O 9. Re1 Nxc3 10. bxc3 Bxd3 11. cxd3 Nc6 12. Rb1 Rb8 13. Bf4 Bd6 14. Qd2 h6 15. Be5 Re8 16. Qf4 Re6 17. Qg4 Rg6 18. Qh3 b5 19. Nh4 Re6 20. f4 b4 21. Nf5 Bxe5 22. fxe5 bxc3 23. Rbc1 Rb4 24. Qe3 Qg5 25. Qxg5 hxg5 26. Rxc3 Nxd4 27. Nxd4 Rxd4 28. Rxc7 Rxd3 29. Rxa7 Rd2 30. Rf1 Rxe5 31. Raxf7 Rxa2 32. R7f5 Rae2 33. h3 Kh7 34. Rxe5 Rxe5 35. Rf8 Kg6 36. g4 Re2 37. Kf1 Re4 38. Rd8 Re5 39. Rf8 Re3 40. Rd8 Rd3 41. Ke2 Rd4 42. Ke3 Re4+ 43. Kd3 Re5 44. Kd4 Re1 45. Rd6+ 1/2-1/2

[Event "Chess.com Rapid Wk9 Swiss"]
[Site "Chess.com INT"]
[Date "2022.04.09"]
[Round "3"]
[White "Nepomniachtchi, Ian"]
[Black "Hansen, Eric"]
[Result "1-0"]
[WhiteElo "2773"]
[BlackElo "2606"]
[PlyCount "65"]
[GameId "1768405752156160"]
[EventDate "2022.04.09"]
[EventType "swiss (rapid)"]
[EventRounds "9"]
[EventCountry "USA"]
[SourceTitle "CBM 207 Extra"]
[Source "ChessBase"]
[SourceDate "2022.05.31"]
[SourceVersion "1"]
[SourceVersionDate "2022.05.31"]
[SourceQuality "1"]

1. e4 e5 2. f4 exf4 3. Nf3 Ne7 4. d4 d5 5. Bd3 dxe4 6. Bxe4 Ng6 7. Qe2 Be7 8. h4 O-O 9. h5 Nh4 10. Bxf4 Nxf3+ 11. Qxf3 Qxd4 12. Nc3 Nc6 13. h6 g6 14. Rd1 Qb4 15. O-O Be6 16. Nd5 Bxd5 17. Bxd5 Bf6 18. c3 Qe7 19. Bxc6 bxc6 20. Qxc6 Rfe8 21. Rd7 Qe6 22. Qxe6 Rxe6 23. Bxc7 Bg5 24. Rfxf7 Be3+ 25. Kh2 Bxh6 26. Rxh7 Bf8 27. Bg3 Re2 28. Bh4 Re6 29. Bf2 Bd6+ 30. Kh3 a5 31. Bd4 Be5 32. Bxe5 Rxe5 33. Rdg7+ 1-0

[Event "Chess.com Rapid Wk9 Swiss"]
[Site "Chess.com INT"]
[Date "2022.04.09"]
[Round "4"]
[White "Grandelius, Nils"]
[Black "Hansen, Eric"]
[Result "1-0"]
[WhiteElo "2656"]
[BlackElo "2606"]
[PlyCount "59"]
[GameId "1768405752233984"]
[EventDate "2022.04.09"]
[EventType "swiss (rapid)"]
[EventRounds "9"]
[EventCountry "USA"]
[SourceTitle "CBM 207 Extra"]
[Source "ChessBase"]
[SourceDate "2022.05.31"]
[SourceVersion "1"]
[SourceVersionDate "2022.05.31"]
[SourceQuality "1"]

1. d4 Nf6 2. c4 g6 3. g3 Bg7 4. Bg2 d5 5. Nf3 O-O 6. O-O dxc4 7. Na3 c3 8. bxc3 c5 9. Bb2 Nc6 10. Re1 Qb6 11. Nc4 Qa6 12. Ncd2 e5 13. Nb3 cxd4 14. cxd4 Rd8 15. Qc1 exd4 16. Nfxd4 Nxd4 17. Bxd4 Bf5 18. Qb2 Rac8 19. e4 Bd7 20. Nc5 Qb5 21. Nxb7 Qxb2 22. Bxb2 Rf8 23. Ba3 Ng4 24. Rad1 Ba4 25. Bxf8 Bxf8 26. Rd4 Bb5 27. e5 Nxe5 28. Nd6 Bxd6 29. Rxd6 Rc5 30. Rd5 1-0

[Event "Chess.com Rapid Wk9 Swiss"]
[Site "Chess.com INT"]
[Date "2022.04.09"]
[Round "6"]
[White "Gledura, Benjamin"]
[Black "Hansen, Eric"]
[Result "0-1"]
[WhiteElo "2652"]
[BlackElo "2606"]
[PlyCount "66"]
[GameId "1768405752360960"]
[EventDate "2022.04.09"]
[EventType "swiss (rapid)"]
[EventRounds "9"]
[EventCountry "USA"]
[SourceTitle "CBM 207 Extra"]
[Source "ChessBase"]
[SourceDate "2022.05.31"]
[SourceVersion "1"]
[SourceVersionDate "2022.05.31"]
[SourceQuality "1"]

1. d4 Nf6 2. c4 e6 3. Nc3 Bb4 4. e3 O-O 5. Bd3 d5 6. cxd5 exd5 7. Nge2 Re8 8. O-O a5 9. Bd2 c6 10. Rc1 Nbd7 11. f3 Bf8 12. Kh1 b5 13. Nf4 Ba6 14. Nce2 c5 15. g4 c4 16. Bb1 Nb6 17. Bxa5 Rxe3 18. g5 Nfd7 19. Nxd5 Re8 20. Qc2 g6 21. Bxb6 Rxe2 22. Qxe2 Nxb6 23. Nf6+ Kh8 24. d5 Qd6 25. Rfe1 h6 26. h4 Qg3 27. Ne4 Qxh4+ 28. Qh2 Qxh2+ 29. Kxh2 Nxd5 30. Rcd1 Bb7 31. Nf6 Bb4 32. Re2 Nxf6 33. Re5 Bxf3 0-1